000
00286nam a22001217a 4500
041
_a
ENG
100
_a
Bhattacharjee.S.K
245
_a
Landscape Gardening And Design With Plants
260
_a
Jaipur,
_b
Aavishkar Pub;is
_c
2004
300
_a
512
650
_a
IDE
856
_u
IDE ( 05 )
999
_c
1521
_d
1521